Cost Accounting. (Record no. 349272)

000 -LEADER
fixed length control field 00535 a2200205 4500
003 - CONTROL NUMBER IDENTIFIER
control field OSt
005 - DATE AND TIME OF LATEST TRANSACTION
control field 20180116182945.0
008 - FIXED-LENGTH DATA ELEMENTS--GENERAL INFORMATION
fixed length control field 130923b xxu||||| |||| 00| 0 eng d
020 ## - INTERNATIONAL STANDARD BOOK NUMBER
International Standard Book Number 9788131723685
024 ## - OTHER STANDARD IDENTIFIER
Standard number or code 9788131723685
040 ## - CATALOGING SOURCE
Transcribing agency 0
082 ## - DEWEY DECIMAL CLASSIFICATION NUMBER
Classification number 658.1511
100 ## - MAIN ENTRY--PERSONAL NAME
Personal name Horgren,Charles T.
245 ## - TITLE STATEMENT
Title Cost Accounting.
Remainder of title A Managerial Emphasis.
Statement of responsibility, etc. Charles T.Horngren
250 ## - EDITION STATEMENT
Edition statement 13th.
260 ## - PUBLICATION, DISTRIBUTION, ETC.
Place of publication, distribution, etc. Delhi
Name of publisher, distributor, etc. Prentice Hall.
Date of publication, distribution, etc. 2011
300 ## - PHYSICAL DESCRIPTION
Extent 1018p.
500 ## - GENERAL NOTE
General note Paper cover
942 ## - ADDED ENTRY ELEMENTS (KOHA)
Institution code [OBSOLETE] NBS
Koha item type Book
Call number prefix 658.1511 HOR 2009
Source of classification or shelving scheme
Holdings
Withdrawn status Lost status Source of classification or shelving scheme Damaged status Not for loan Collection code Permanent Location Current Location Shelving location Date acquired Total Checkouts Total Renewals Full call number Barcode Date last seen Date last checked out Price effective from Koha item type
            Central Library (CL) Central Library (CL) General Stacks 08/28/2013 5 8 658.1511 HOR 2009 NBS8965 05/30/2025 02/15/2023 08/28/2013 Book
            Central Library (CL) Central Library (CL) General Stacks 09/23/2013 1   658.1511 HOR 2009 NBS8384 08/03/2016 09/24/2013 09/23/2013 Book
© 2023 Central Library, National University of Sciences and Technology. All Rights Reserved.